Statistics for Champions League Goal Scorers

Click here to take the quiz!

General Stats

  • This quiz has been taken 216 times
  • The average score is 8 of 10

Answer Stats

No.GoalsChampions league ClubsNationAnswer% Correct
945Sporting Lisbon,Manchester United,Real MadridPortugalCristiano Ronaldo
99%
456BarcelonaArgentinaLionel Messi
98%
171Real Madrid,ShalkeSpainRaul
92%
551AS Monaco,Arsenal,BarcelonaFranceThierry Henry
92%
359Dynamo Kyiv,AC Milan,ChelseaUkraineAndriy Shevchenko
86%
260PSV,Manchester United,Real MadridNetherlandsRuud Van Nistelrooy
81%
1044JuventusItalyAlessandro Del Piero
73%
847SL BenficaPortugalEusebio
67%
650Juventus,AC MilanItalyFilippo Inzaghi
62%
749Real MadridArgentinaAlfredo Di Stefano
59%

Score Distribution

Percentile by Number Answered

Percent of People with Each Score

Your Score History

You have not taken this quiz